Normal view
MARC view
- C.S Henson /
Entry Personal Name
001 - CONTROL NUMBER
- control field: 3228
003 - CONTROL NUMBER IDENTIFIER
- control field: OSt
005 - DATE AND TIME OF LATEST TRANSACTION
- control field: 20200714095708.0
008 - FIXED-LENGTH DATA ELEMENTS
- fixed length control field: 200714|| aca||aabn | a|a d
040 ## - CATALOGING SOURCE
- Original cataloging agency: OSt
- Transcribing agency: OSt
100 ## - HEADING--PERSONAL NAME
- Personal name: C.S Henson /
670 ## - SOURCE DATA FOUND
- Source citation: Work cat.: (OSt): C.S Henson /, Solutions of Problems in Telecommunications and Electronics /, c1965 .